Udržitelný rozvoj - koncept a dimenze
Pojem udržateľnosti rozvoja, života, rastu, ľudskej existencie je pomerne nový. Vznikol v rámci činnosti Svetovej komisie pre životné prostredie a rozvoj (WCED). Udržateľný rozvoj je základným princípom Piateho akčného programu EÚ o životnom prostredí, hlavného dokumentu európskej ekologickej politi...
Salvato in:
| Autore principale: | |
|---|---|
| Natura: | Capitolo di libro |
| Lingua: | ceco |
| Soggetti: | |
| Tags: |
Nessun Tag, puoi essere il primo ad aggiungerne!!
|
MARC
| LEADER | 00000naa a2200000 4500 | ||
|---|---|---|---|
| 001 | r017479 | ||
| 005 | 20221205103332.5 | ||
| 041 | 0 | |a cze | |
| 044 | |a CZ | ||
| 245 | 1 | 0 | |a Udržitelný rozvoj - koncept a dimenze |c V. Jeníček |
| 520 | |a Pojem udržateľnosti rozvoja, života, rastu, ľudskej existencie je pomerne nový. Vznikol v rámci činnosti Svetovej komisie pre životné prostredie a rozvoj (WCED). Udržateľný rozvoj je základným princípom Piateho akčného programu EÚ o životnom prostredí, hlavného dokumentu európskej ekologickej politiky. | ||
| 610 | 2 | 0 | |a rozvoj trvalo udržateľný |
| 610 | 2 | 0 | |a ekológia |
| 610 | 2 | 0 | |a prostredie životné |
| 610 | 2 | 0 | |a Európa |
| 610 | 2 | 0 | |a Európska únia |
| 610 | 2 | 0 | |a OSN |
| 610 | 2 | 0 | |a WCED |
| 610 | 2 | 0 | |a svet |
| 610 | 2 | 0 | |a politika hospodárska |
| 610 | 2 | 0 | |a FAO |
| 610 | 2 | 0 | |a koncepcie |
| 100 | 1 | |a Jeníček, Vladimír | |